000 01136cas a22002295 4500
001 L139931
008 070821c2002 xxkqr ws ss 0 a0eng u
035 _a(Sirsi) u139931
041 0 _aeng
110 2 _aBritish Chambers of Commerce
_93684
245 0 0 _aBritish Chamber of Commerce quarterly economic survey
_h[electronic resource]
260 _a[S.l.]
_bBCC
_c2002-
362 0 _aFirst Quarter 2002-
490 0 _aBritish Chamber of Commerce Quarterly Economic Survey
_vFirst Quarter 2002-
520 _aThis independent business survey summarises responses from over 5 000 UK businesses on a variety of issues including: home sales and orders, export sales and orders, employment, investment, business confidence, capacity and cashflow, and price pressures. Also gives an overview of the economic climate.
554 _aQuarterly
650 2 4 _aBRITISH CHAMBER OF COMMERCE QUARTERLY ECONOMIC SURVEY
651 4 _aUnited Kingdom
_y
690 _aMANAGEMENT-BUSINESS MANAGEMENT
856 4 0 _uhttps://www.chamberonline.co.uk/YXQxT0E.html
_zView the economic survey free of charge at www.chamberonline.co.uk...
942 _n0
999 _c119141
_d119141